000 00746nam a2200229 4500
003 OSt
005 20240719030201.0
006 a
008 240719b |||||||| |||| 00| 0 eng d
020 _a0471475815
040 _aDWCL-Main lib.
_cOC
082 _2First edition
_aCirc. 711 P712 2006
110 _aAmerican Planning Association
245 _aPlanning and Urban design standards /
250 _aFirst edition
260 _aN.J. :
_bJohn Wiley & Sons, Inc.,
_cc2008
300 _axv,
_b720 p. : ill. (some col.) ;
_c30cm.
504 _aIncludes bibliographical references & index.
650 _a1. Building-Details-Drawings.
650 _a2. Building-Details-Drawings-Standards.
942 _2ddc
_n0
_cBK-CIRC
_eFirst edition
_kCirc.
999 _c2418
_d2418